[Event "Barcelona La Lira op 32nd"]
[Site "Barcelona"]
[Date "2014.03.13"]
[Round "9"]
[White "Escudero Martinez, Alberto"]
[Black "Bertolin Escriche, Tomas"]
[Result "1-0"]
[WhiteElo "1808"]
[BlackElo "1718"]
[PlyCount "71"]
[EventDate "2014.01.16"]
[EventType "swiss"]
[EventRounds "9"]
[EventCountry "ESP"]
[SourceTitle "EXT 2015"]
[Source "ChessBase"]
[SourceDate "2014.11.20"]
[SourceVersion "1"]
[SourceVersionDate "2014.11.20"]
[SourceQuality "1"]

1. Nf3 Nf6 2. g3 g6 3. Bg2 Bg7 4. 0-0 0-0 5. c3 c5 6. d4 Qc7 7. Bf4 d6 8. dxc5 Qxc5 9. Nbd2 Nbd7 10. Nb3 Qc7 11. Qc1 Rb8 12. Bh6 b6 13. Nbd4 Bb7 14. Bxg7 Kxg7 15. Ng5 Qc8 16. Bh3 h6 17. Ngf3 e5 18. Nb5 Qc5 19. Na3 a6 20. Nc2 Rbd8 21. Ne3 Ne8 22. Ng4 Rh8 23. Rd1 f5 24. Ne3 Rf8 25. b4 Qc7 26. Qb2 Nef6 27. Rac1 Nh5 28. c4 Ndf6 29. a4 Bxf3 30. exf3 f4 31. Nd5 Nxd5 32. cxd5 Qb8 33. Rd3 g5 34. Rdc3 Nf6 35. Be6 Ne8 36. g4 1-0

[Event "Barcelona La Lira op 32nd"]
[Site "Barcelona"]
[Date "2014.03.06"]
[Round "8"]
[White "Ramos Alvarez, Maximo"]
[Black "Bertolin Escriche, Tomas"]
[Result "1-0"]
[WhiteElo "1840"]
[BlackElo "1718"]
[PlyCount "49"]
[EventDate "2014.01.16"]
[EventType "swiss"]
[EventRounds "9"]
[EventCountry "ESP"]
[SourceTitle "EXT 2015"]
[Source "ChessBase"]
[SourceDate "2014.11.20"]
[SourceVersion "1"]
[SourceVersionDate "2014.11.20"]
[SourceQuality "1"]

1. e4 g6 2. d4 Bg7 3. Nc3 d6 4. Nf3 Nf6 5. Be3 0-0 6. Qd2 Ng4 7. Bg5 h6 8. Bh4 g5 9. Bg3 f5 10. Bc4+ Kh7 11. Nxg5+ hxg5 12. h4 e6 13. hxg5+ Kg8 14. f3 fxe4 15. fxg4 d5 16. Bb3 a6 17. 0-0-0 Nc6 18. Ne2 b5 19. c3 Na5 20. Be5 Rf2 21. Bxg7 Kxg7 22. g6 Nxb3+ 23. axb3 Bb7 24. Qh6+ Kf6 25. Qh4+ 1-0

[Event "Barcelona La Lira op 31st"]
[Site "Barcelona"]
[Date "2013.02.15"]
[Round "5"]
[White "Garcia Vidal, Emili"]
[Black "Bertolin Escriche, Tomas"]
[Result "1/2-1/2"]
[WhiteElo "1464"]
[BlackElo "1722"]
[PlyCount "56"]
[EventDate "2013.01.18"]
[EventType "swiss"]
[EventRounds "8"]
[EventCountry "ESP"]
[SourceTitle "EXT 2014"]
[Source "ChessBase"]
[SourceDate "2013.11.20"]
[SourceVersion "1"]
[SourceVersionDate "2013.11.20"]
[SourceQuality "1"]

1. f4 b6 2. Nf3 Bb7 3. e3 Nf6 4. d4 g6 5. b3 Bg7 6. Bb2 0-0 7. Nbd2 d6 8. Be2 Nbd7 9. 0-0 Nd5 10. Kf2 e5 11. c4 N5f6 12. Ne1 exf4 13. exf4 Re8 14. Bf3 Bxf3 15. Qxf3 Qe7 16. Nc2 c5 17. Rae1 Qf8 18. d5 Rxe1 19. Rxe1 Re8 20. Rxe8 Qxe8 21. h3 h5 22. Qe3 Kf8 23. Qxe8+ Kxe8 24. Ba1 Ke7 25. Kf3 Ne8 26. Bxg7 Nxg7 27. Ne3 Nf6 28. a4 a5 1/2-1/2

[Event "Barcelona La Lira op 31st"]
[Site "Barcelona"]
[Date "2013.01.25"]
[Round "2"]
[White "Bertolin Escriche, Tomas"]
[Black "Burgueno Vigil, Francesc Xavier"]
[Result "0-1"]
[WhiteElo "1722"]
[BlackElo "1924"]
[PlyCount "78"]
[EventDate "2013.01.18"]
[EventType "swiss"]
[EventRounds "8"]
[EventCountry "ESP"]
[SourceTitle "EXT 2014"]
[Source "ChessBase"]
[SourceDate "2013.11.20"]
[SourceVersion "1"]
[SourceVersionDate "2013.11.20"]
[SourceQuality "1"]

1. Nf3 d5 2. b3 Nc6 3. Bb2 Bf5 4. d3 f6 5. g3 e5 6. Bg2 d4 7. 0-0 Bc5 8. Nbd2 Nge7 9. a3 0-0 10. b4 Bb6 11. Nc4 a5 12. Nxb6 cxb6 13. b5 Na7 14. a4 Be6 15. c3 dxc3 16. Bxc3 Rc8 17. Rc1 Nd5 18. Qd2 Qd7 19. Rc2 Nxc3 20. Rxc3 Rxc3 21. Qxc3 Rc8 22. Qb2 Qd6 23. Rb1 Rc5 24. d4 exd4 25. Nxd4 Bd5 26. e4 Bf7 27. f4 Rc4 28. Nf5 Qc5+ 29. Kh1 Rxa4 30. Rc1 Rc4 31. Rxc4 Qxc4 32. Qd2 Qc7 33. e5 fxe5 34. fxe5 Nxb5 35. Bd5 Qxe5 36. Bxf7+ Kxf7 37. Qd7+ Kf6 38. Nxg7 Qe4+ 39. Kg1 Qd4+ 0-1

[Event "Barcelona La Lira op 30th"]
[Site "Barcelona"]
[Date "2012.03.02"]
[Round "7"]
[White "Bertolin Escriche, Tomas"]
[Black "Pascual Soro, Antonio"]
[Result "1-0"]
[WhiteElo "1724"]
[BlackElo "1650"]
[PlyCount "89"]
[EventDate "2012.01.20"]
[EventType "swiss"]
[EventRounds "8"]
[EventCountry "ESP"]
[SourceTitle "EXT 2013"]
[Source "ChessBase"]
[SourceDate "2012.11.22"]
[SourceVersion "1"]
[SourceVersionDate "2012.11.22"]
[SourceQuality "1"]

1. Nf3 c5 2. b3 Nf6 3. Bb2 Nc6 4. g3 d6 5. Bg2 Qc7 6. d3 b5 7. Nbd2 Rb8 8. c4 b4 9. 0-0 g6 10. Ng5 Bg7 11. h3 0-0 12. f4 h6 13. Ngf3 Ne8 14. Qc2 Nd4 15. Nxd4 cxd4 16. Kh2 e6 17. Rae1 d5 18. e4 dxe4 19. Nxe4 f5 20. Nd2 Nd6 21. Nf3 Nb5 22. Qf2 Nc3 23. Nxd4 e5 24. Ne2 Nxe2 25. Rxe2 exf4 26. Bd5+ Kh7 27. Qxf4 Qxf4 28. Rxf4 Bxb2 29. Rxb2 Re8 30. Rbf2 Re3 31. g4 Bd7 32. gxf5 Bxf5 33. Be4 Rxh3+ 34. Kg2 Rh5 35. Bxf5 gxf5 36. Rxf5 Rg8+ 37. Kf1 Rh1+ 38. Ke2 Ra1 39. Ke3 Rg3+ 40. Ke4 Re1+ 41. Kd4 Rg7 42. Rf7 Ra1 43. Rxg7+ Kxg7 44. Kc5 Rd1 45. d4 1-0

[Event "Barcelona La Lira op 30th"]
[Site "Barcelona"]
[Date "2012.02.10"]
[Round "4"]
[White "Corominas Garrido, Jordi"]
[Black "Bertolin Escriche, Tomas"]
[Result "1-0"]
[WhiteElo "1904"]
[BlackElo "1724"]
[PlyCount "67"]
[EventDate "2012.01.20"]
[EventType "swiss"]
[EventRounds "8"]
[EventCountry "ESP"]
[SourceTitle "EXT 2013"]
[Source "ChessBase"]
[SourceDate "2012.11.22"]
[SourceVersion "1"]
[SourceVersionDate "2012.11.22"]
[SourceQuality "1"]

1. c4 g6 2. Nf3 Bg7 3. Nc3 Nf6 4. g3 0-0 5. Bg2 d6 6. d4 Nbd7 7. 0-0 h6 8. Qc2 Re8 9. Rd1 c6 10. Rb1 Qc7 11. b4 a6 12. a4 Rb8 13. d5 cxd5 14. Nxd5 Nxd5 15. Rxd5 Nb6 16. Rd1 Qxc4 17. Qxc4 Nxc4 18. e4 Bd7 19. b5 Rec8 20. h3 axb5 21. axb5 Rc5 22. Nd4 Bxd4 23. Rxd4 e5 24. Rd5 Rbc8 25. Bxh6 f6 26. Be3 Rxd5 27. exd5 Na3 28. Rb3 Nxb5 29. Bf1 Nc3 30. Rxb7 Bf5 31. Bg2 Rd8 32. g4 Bc8 33. Rc7 Nb5 34. Rc6 1-0